Name the Artist that Wrote the Song - Statistics

General Stats
  • This quiz has been taken 30 times
  • The average score is 5 of 15
Answer Stats
Song Artist % Correct
Umbrella Rihanna
96%
Something Just Like This The Chainsmokers (Coldplay)
72%
Castle On The Hill Ed Sheeran
64%
Some Nights f.u.n
40%
Bring Me Back To Life Evanescence
36%
Who Let The Dogs Out? Baha Men
32%
California Love Tupac Shakur
28%
Love Runs Out` One Republic
20%
Flex (Ooh Ooh Ooh) Rich Homie Quan
20%
Big Bang Theory Theme The Barenaked Ladies
20%
Fight To Hold Protohype
16%
Gibberish MAX
12%
Windfall The FatRat
12%
My Galaxy Eminence and Markus Cole
4%
Vivir Mi Vida Marc Antony
4%
No matching quizzes found
Score Distribution
Percent of People with Each Score
Percentile by Number Answered
Your Score History
You have not taken this quiz